182 - Né(es) un 1er juillet. - Statistiques

Statistiques générales
  • Ce quiz a été pris 10 fois
  • Le résultat moyen est 8 sur 24
Statistiques - réponses
Hint Année de naissance Réponse % Correct
Epouse du prince de Galles de 1981 à 1996. 1961 Diana Spencer|Lady Di
88%
Homme politique. Maire de Nice depuis 2017. 1955 Christian Estrosi
75%
Actrice française vue dans "La Belle Personne", "Les Adieux à la reine", "La Vie d'Adèle", "James Bond". 1985 Léa Seydoux
75%
Sélectionneur de rugby à XV de l'équipe de France de rugby et ancien secrétaire d'Etat auprès de la Ministre de la Jeunesse et des Sports. 1964 Bernard Laporte
63%
Athlète (sprinteur) américain ayant remporté dix médailles olympiques dont neuf en or. 1961 Carl Lewis|Frederick Carlton Lewis
63%
Pilote précurseur et pionnier de l'aviation française, il traversa la Manche en avion en 1909. 1872 Louis Blériot
63%
Fille de Steven Tyler, chanteur d'Aerosmith, son rôle dans "Beauté volée" la fit connaître. 1977 Liv Rundgren|Liv Tyler
50%
Son rôle de C.J. Parker dans la série "Alerte à Malibu" en 1992 qui la révèle. 1967 Pamela Anderson
50%
Autrice de "La Mare au diable" et la "La Petite Fadette". 1804 Baronne Dudevant|Amantine Aurore Lucile Dupin de Francueil|George Sand
38%
Acteur britannique vu dans notamment "La Vie privée d'Henry VIII" qui réalisa "La Nuit du chasseur". 1899 Charles Laughton
38%
Surnommé "le parrain" du cinéma français, il est considéré comme l'un des grands réalisateurs (Tchao Pantin) et producteurs de films (Astérix et Obélix : Mission Cléopâtre) du cinéma français. 1934 Claude Langmann|Claude Berri
25%
Ancien footballeur international néerlandais, passé notamment par l'AJAX d'Amsterdam, l'AC Milan, et le FC Barcelone. 1976 Patrick Kluivert|Patrick Stephan Kluivert
25%
Ancien footballeur international néerlandais, passé notamment par le PSV Eindhoven, Manchester United et le Real Madrid. 1976 Rutgerus Johannes Martinus van Nistelrooij|Ruud van Nistelrooy
25%
Acteur canadien connu pour son rôle de "Ray Stantz" dans "SOS Fantômes". 1952 Daniel Aykroyd|Dan Aykroyd
13%
Pionnière de la cosmétique moderne, elle fonda une entreprise qui porte son nom. 1908 Estée Lauder|Josephine Esther Mentzer
13%
Auteur de "Henri Amouroux La Grande Histoire des Français sous l'occupation", membre de l'Institut de France et président du prix Albert-Londres pendant 21 ans. 1920 Henri Amouroux
13%
Actrice récipiendaire de deux Oscars pour "A chacun son destin" et "L'Héritière". Elle fut nominé 3 autres fois aux Oscars. 1916 Olivia de Havilland
13%
Ancien directeur de la rédaction de L'Humanité, secrétaire national Parti communiste français entre 2010 et 2018. 1975 Pierre Laurent
13%
Réalisateur américain de "Tootsie", "Out of Africa" et "La Firme". 1934 Sydney Pollack
13%
Réalisateur d'origine suisse-allemande de "Ben-Hur" et "Vacances romaines". 1902 Willi Wyler|William Wyler
13%
Actrice anglo-américaine vue dans "Rock", "Rencontre avec Joe Black". 1971 Claire Forlani
0%
Bibliothécaire et conseiller politique, il est avec René Descartes et Baruch Spinoza, l'un des principaux représentants du rationalisme. 1646 Gottfried Wilhelm Leibniz|Godefroid-Guillaume Leibniz
0%
Syndicaliste français, secrétaire général de la Confédération générale du travail (CGT) de 1909 à 1947. 1879 Léon Henri Jouhaux|Léon Jouhaux
0%
Actrice nommée meilleure actrice dans un film dramatique pour "La Chambre indiscrète" aux Golden Globes de 1964. 1931 Leslie Caron
0%
Aucun quiz correspondant
Distribution des résultats
% des personnes avec chaque résultat
Percentile par nombre de réponses
Votre historique - résultats
Vous n’avez pas pris ce quiz